Born in Mississippi Quiz Stats

 Plays Quiz Updated May 9, 2016

Also try: Born in Georgia
Challenge
Share
Tweet
Score 0/18 Timer 04:00
2 Plays Today
% Correct
Oprah Winfrey
97.8%
Elvis Presley
97.2%
Jim Henson
76.5%
Britney Spears
75.5%
James Earl Jones
73.3%
B.B. King
68.1%
Brett Favre
63.3%
Lance Bass
54%
LeAnn Rimes
46.3%
% Correct
Faith Hill
45.5%
Jerry Rice
41%
Brandy
38.7%
Fred Armisen
33.3%
Jimmy Buffett
31.5%
Tammy Wynette
20.7%
Conway Twitty
20.4%
William Faulkner
19.3%
Bo Diddley
15.4%

You're not logged in!

Compare scores with friends on all Sporcle quizzes.
OR
Log In

You Might Also Like...

Show Comments

Extras

Top Quizzes Today


Score Distribution

Your Account Isn't Verified!

In order to create a playlist on Sporcle, you need to verify the email address you used during registration. Go to your Sporcle Settings to finish the process.

Report this User

Report this user for behavior that violates our Community Guidelines.

Details: